Political development and pressure groups: Revisiting their theoretical underpinnings (Record no. 115540)

000 -LEADER
fixed length control field 01816pab a2200193 454500
008 - FIXED-LENGTH DATA ELEMENTS--GENERAL INFORMATION
fixed length control field 180718b2015 xxu||||| |||| 00| 0 eng d
100 ## - MAIN ENTRY--PERSONAL NAME
Personal name Singh, Sujata
245 ## - TITLE STATEMENT
Title Political development and pressure groups: Revisiting their theoretical underpinnings
260 ## - PUBLICATION, DISTRIBUTION, ETC.
Date of publication, distribution, etc. 2015
300 ## - PHYSICAL DESCRIPTION
Extent p.565-575.
362 ## - DATES OF PUBLICATION AND/OR SEQUENTIAL DESIGNATION
Dates of publication and/or sequential designation Jul-Sep
520 ## - SUMMARY, ETC.
Summary, etc. Pressure groups or interest groups are at the core of democratic process. The origin of pressure groups is closely intertwined with the birth and growth of political parties. The umbilical bond between political parties and pressure groups remains complex. Pressure groups in Western democracies as well as in the developing countries have served as fertile ground for the creation of political parties. At the same time political parties have been instrumental in creating a large number of pressure groups serving as their satellites to represent varied interests. This especially applies to the larger political parties. However, development theorists have argued that the nature of pressure groups is largely dependent on the maturity of the political system. The development theories of the 1950s and '60s held that transitional societies suffered from lack of universalistic and rational orientations which in turn impacted on the organisation and functioning of interest groups in that they too exhibited the same orientations. The article tries to analyse the literature from varied sources in order to assess the role of political development in the growth of pressure groups. Their relevance to the present situation is also analysed.
650 ## - SUBJECT ADDED ENTRY--TOPICAL TERM
Topical term or geographic name entry element Political parties - India
650 ## - SUBJECT ADDED ENTRY--TOPICAL TERM
Topical term or geographic name entry element India - Politics and government
650 ## - SUBJECT ADDED ENTRY--TOPICAL TERM
Topical term or geographic name entry element Politics and government
650 ## - SUBJECT ADDED ENTRY--TOPICAL TERM
Topical term or geographic name entry element Interest groups
773 ## - HOST ITEM ENTRY
Main entry heading Indian Journal of Public Administration
909 ## -
-- 115546
Holdings
Withdrawn status Lost status Damaged status Not for loan Permanent Location Current Location Date acquired Serial Enumeration / chronology Barcode Date last seen Price effective from Koha item type
        Indian Institute of Public Administration Indian Institute of Public Administration 2018-07-19 Volume no: 61, Issue no: 3 AR116006 2018-07-19 2018-07-19 Articles

Powered by Koha